000 00472nam a2200145 a 4500
001 000046698
005 20201002053044.0
008 180319s2016 dr a 000 spa d
040 _aDO-SdBNP
_bspa
_cBNPHU
082 _axxx
245 0 _aInforme semestral de seguimiento y monitoreo. :
_bprimer semestre 2016.
260 _aSanto Domingo :
_bIniciativa Dominicana por una Educación de Calidad,
_c2016.
300 _a316 p. :
_bil ;
_c29 cm.
590 _aInventariado,2018/DG
999 _c46187
_d46187